| 000 | 00429nam a22001457a 4500 | ||
|---|---|---|---|
| 020 | _a9789383845224 | ||
| 082 |
_aM 323 _bBAB/M |
||
| 245 |
_aManushyavakasa samrakshana niyamangal: _bdwibhashayil - englishlum malayalathilum/ _cby Babu K (ed.) |
||
| 260 |
_aErnakulam: _bSwamy Law House, _c2015. |
||
| 300 | _a181p. | ||
| 650 | _aCivil & Political Rights | ||
| 650 | _aPolitical Science | ||
| 650 | _aSocial Sciences | ||
| 942 | _cBK | ||
| 999 |
_c69504 _d69504 |
||